000 00630nam a2200205 i 4500
001 95520
003 ES-MaACL
005 20250819032041.0
007 t|
008 050531s1972 sp ||||1| spa d
100 1 _aLlopis, Joan (
_d1932-)
_972831
245 1 3 _aEl entierro cristiano /
_cJuan Llopis.
260 _aMadrid :
_bPropaganda Popular Católica,
_c1972.
300 _a164 p. ;
_c22 cm.
490 1 _aColección Renovación Litúrgica ;
_v10
650 0 7 _aExequias
_2embne
_912654
830 0 _aColección Renovación Litúrgica ;
_v10
_9232201
852 _aES-MaACL
_jC-43757
_bR.82273
999 _c95520
_d95520